Deven Yeary
Washington A
Categories
Social Science - Linguistics | 0 | 1 | 0 | 0 | 10 | 111 | 111.00 | 0 | 0 |
Fine Arts - Miscellaneous | 0 | 1 | 0 | 0 | 10 | 118 | 118.00 | 0 | 0 |
Fine Arts - Music | 0 | 1 | 0 | 0 | 10 | 120 | 120.00 | 0 | 0 |
Literature - European | 0 | 1 | 0 | 0 | 10 | 107 | 107.00 | 0 | 0 |
Literature - World and Miscellaneous | 0 | 1 | 0 | 0 | 10 | 131 | 131.00 | 0 | 0 |
History - American | 0 | 1 | 0 | 0 | 10 | 71 | 71.00 | 0 | 0 |
History - European | 0 | 1 | 0 | 0 | 10 | 105 | 105.00 | 0 | 0 |
Literature - British | 0 | 1 | 0 | 0 | 10 | 102 | 102.00 | 0 | 0 |
Geography - World | 0 | 0 | 0 | 0 | 0 | 0.00 | 0 | 0 | |
Current Events - U.S. | 0 | 0 | 0 | 0 | 0 | 0.00 | 0 | 0 |